Statistics for Countries by Satellite Image #1

Click here to take the quiz!

General Stats

  • This quiz has been taken 32,022 times
  • The average score is 12 of 16

Answer Stats

Answer % Correct
Italy
100%
Australia
99%
United Kingdom
98%
Iceland
96%
China
96%
France
93%
Panama
87%
Brazil
85%
Portugal
84%
Malaysia
63%
Bahamas
59%
Tunisia
52%
Fiji
48%
United Arab Emirates
42%
Tanzania
38%
Cape Verde
35%

Score Distribution

Percentile by Number Answered

Percent of People with Each Score

Your Score History

You have not taken this quiz